000 01004nam0a2200313 i 4500
001 RU\NLR\bibl\1978149
005 20260406094746.0
010 _a9785699600274
_95100
021 _aRU
_b2012-91616
_96779
035 _a(nilc)RSL-KNO-005551383
035 _a(NLR Aleph) 001966893
090 _a3902099
_c3902099
100 _a20091120d2012 u y0rusy50 ca
101 0 _arus
102 _aRU
105 _ay zzzz|||||
200 1 _aМир над пропастью
_e[роман]
_fОлег Рой
210 _aМосква
_cЭксмо
_d2012
215 _a314, [1] с.
_d17
225 1 _aКапризы судьбы
_eроманы О. Роя
320 _aНа 2-й с. др. кн. авт.
686 _aШ5(2=Р)75-644.6
_2rubbk
700 1 _4070
_8rus
_7ca
_aРой
_bО.
_cписатель
_f1965-
_gОлег
_3RU\NLR\auth\7769948
_952876
801 0 _aRU
_bRuMoRKP
_c20091120
_grcr
801 1 _aRU
_bРГБ
_c20091120
801 2 _aRU
_bNLR
_c20121211
_grcr
942 _cBOOK
980 _aNBR